The league illegal. : Wherein the late Solemn League and Covenant is seriously examined, scholastically and solidly confuted: for the right informing of weak and tender consciences, and the undeceiving of the erroneous. /

Bibliographic Details
Main Author: Featley, Daniel, 1582-1645
Other Authors: Featley, John, 1605?-1666
Format: eBook
Language:English
Published: London: : Printed for R. Royston at the Angel in Ivy-lane, 1660.
Series:Early English books online.
Subjects:
Online Access:Connect to the full text of this electronic book

MARC

Tag First Indicator Second Indicator Subfields
LEADER 00000nam a2200000 4500
001 in00004190010
005 20200806080308.0
006 m g d
007 cr bn |||a|bb|
008 850809s1660 enk o 00 eng d
035 |a (UnM)99883183 
037 |a CL2105000002  |b ProQuest Information and Learning. 300 N. Zeeb Rd., Ann Arbor, MI 48106 
040 |a Cu-RivES  |c Cu-RivES  |d CStRLIN  |d Cu-RivES  |e dcrb 
100 1 |a Featley, Daniel,  |d 1582-1645. 
245 1 4 |a The league illegal. :  |b Wherein the late Solemn League and Covenant is seriously examined, scholastically and solidly confuted: for the right informing of weak and tender consciences, and the undeceiving of the erroneous. /  |c Written long since in prison, by Daniel Featley D.D. and never until now made known to the world. ; Published by John Faireclough, vulgò Featley, chaplain to the Kings most Excellent Majesty. 
260 |a London: :  |b Printed for R. Royston at the Angel in Ivy-lane,  |c 1660. 
300 |a 1 online resource ([1]+ leaves. 
336 |a text  |b txt  |2 rdacontent 
337 |a computer  |b c  |2 rdamedia 
338 |a online resource  |b cr  |2 rdacarrier 
500 |a Fragment: t.p. only. 
500 |a Reproduction of original in the British Library. 
510 4 |a Wing (CD-ROM, 1996)  |c F591 
510 4 |a Thomason  |c E.1040[8] 
510 4 |a Early English books tract supplement interim guide  |c Harl.5927 
533 |a Electronic reproduction.  |b Ann Arbor, Mich. :  |c UMI,  |d 1999-  |f (Early English books online)  |n Digital version of: (Early English books, Tract supplement ; E4:1[274b])  |7 s1999 miun s 
655 0 |a Title pages  |z England  |y 17th century. 
630 0 4 |a Solemn League and Covenant (1643)  |v Controversial literature  |v Early works to 1800. 
651 0 |a Great Britain  |x Church history  |y 17th century  |v Early works to 1800. 
700 1 |a Featley, John,  |d 1605?-1666. 
830 0 |a Early English books online. 
856 4 0 |u http://proxy.library.tamu.edu/login?url=https://search.proquest.com/docview/2240875970  |z Connect to the full text of this electronic book  |t 0 
999 f f |s 3908732d-65ee-35b6-b0a1-cb130a6c88ba  |i 75259dd9-c4d0-3f13-aeeb-d06b1e2b1a6e  |t 0 
952 f f |a Texas A&M University  |b College Station  |c Electronic Resources  |d Available Online  |t 0  |h No information provided 
998 f f |t 0  |l Available Online